Political process in India (Record no. 12094)

MARC details
000 -LEADER
fixed length control field 00552nam a22002057a 4500
005 - DATE AND TIME OF LATEST TRANSACTION
control field 20250301043822.0
008 - FIXED-LENGTH DATA ELEMENTS--GENERAL INFORMATION
fixed length control field 250301b |||||||| |||| 00| 0 eng d
020 ## - INTERNATIONAL STANDARD BOOK NUMBER
International Standard Book Number 9789364409346
040 ## - CATALOGING SOURCE
Original cataloging agency IN-DiNC
Transcribing agency IN-DiNC
041 ## - LANGUAGE CODE
Language code of sung or spoken text English
082 ## - DEWEY DECIMAL CLASSIFICATION NUMBER
Classification number 320.954
Item number SAH
100 ## - MAIN ENTRY--PERSONAL NAME
Personal name Sah, Santosh Kumar
Relator term Author
245 ## - TITLE STATEMENT
Title Political process in India
Statement of responsibility, etc. by Santosh Kumar Sahu
250 ## - EDITION STATEMENT
Edition statement 1st ed.
260 ## - PUBLICATION, DISTRIBUTION, ETC.
Place of publication, distribution, etc. Ludhiana:
Name of publisher, distributor, etc. Kalyani,
Date of publication, distribution, etc. 2025.
300 ## - PHYSICAL DESCRIPTION
Extent 5.77p.
650 ## - SUBJECT ADDED ENTRY--TOPICAL TERM
Topical term or geographic name entry element Political Process
700 ## - ADDED ENTRY--PERSONAL NAME
Personal name Santosh Kumar Sahu
Relator term Author
942 ## - ADDED ENTRY ELEMENTS (KOHA)
Source of classification or shelving scheme Dewey Decimal Classification
Koha item type Books
Holdings
Withdrawn status Lost status Source of classification or shelving scheme Damaged status Not for loan Collection code Home library Current library Shelving location Date acquired Cost, normal purchase price Total Checkouts Full call number Barcode Date due Date last seen Date last checked out Copy number Price effective from Koha item type
    Dewey Decimal Classification     Political Science Naharkatiya College Library Naharkatiya College Library General Stacks 01/03/2025 250.00 10 320.954 SAH 30633 16/05/2026 28/04/2026 28/04/2026 1 01/03/2025 Books
    Dewey Decimal Classification     Political Science Naharkatiya College Library Naharkatiya College Library General Stacks 01/03/2025 250.00 5 320.954 SAH 30634 06/04/2026 17/03/2026 17/03/2026 2 01/03/2025 Books

Naharkatiya College © 2020. All rights reserved.

Powered By